[Event "Tuimazy-ch U14"]
[Site "Tuimazy"]
[Date "2016.03.08"]
[Round "15"]
[White "Mindiyarov, Rasul"]
[Black "Khakimov, Marat"]
[Result "1-0"]
[WhiteElo "1070"]
[BlackElo "1470"]
[PlyCount "61"]
[EventDate "2016.03.01"]
[EventType "tourn"]
[EventRounds "15"]
[EventCountry "RUS"]
[SourceTitle "EXT 2022"]
[Source "ChessBase"]
[SourceDate "2021.10.06"]
[SourceVersion "1"]
[SourceVersionDate "2021.10.06"]
[SourceQuality "1"]

1. Nf3 d5 2. d4 Nc6 3. g3 Nf6 4. Bg2 Bf5 5. Bg5 Nb4 6. 0-0 Nxc2 7. Nc3 Nxa1 8. Qxa1 e5 9. Nd2 Bb4 10. e4 Bxc3 11. bxc3 dxe4 12. Bxe4 Bxe4 13. Nxe4 0-0 14. Qb1 Qd5 15. Bxf6 gxf6 16. Nxf6+ Kg7 17. Nxd5 exd4 18. Qxb7 h6 19. Qxc7 Rad8 20. Qe5+ f6 21. Qc7+ Kg6 22. Qc6 Rc8 23. Qe6 a6 24. Qe4+ Kg7 25. Rb1 Rce8 26. Qd3 h5 27. Rb7+ Kh6 28. Rh7+ Kg5 29. h4+ Kg4 30. Rg7+ Kh3 31. Qf5# 1-0